书目信息 |
| 题名: |
英文俚语与俗语
|
|
| 作者: | 河耀东 著 | |
| 分册: | ||
| 出版信息: | 华联出版社 |
|
| 页数: | 112页 | |
| 开本: | 20cm | |
| 丛书名: | ||
| 单 册: | ||
| 中图分类: | H313.9 | |
| 科图分类: | ||
| 主题词: | 英语 | |
| 电子资源: | ||
| ISBN: | ||
| 000 | 00518nam0 2200193 45 | |
| 001 | 0405051636 | |
| 005 | 20040505164832.8 | |
| 010 | @dCNY0.50 | |
| 100 | @a20040505d km y0chiy0120 ea | |
| 101 | 0 | @achi |
| 105 | @a z 000yy | |
| 200 | 1 | @a英文俚语与俗语@AYing Wen Li Yu Yu Su Yu@f河耀东著@FHe Yao Dong Zhu |
| 210 | @c华联出版社 | |
| 215 | @a112页@d20cm | |
| 606 | 0 | @a英语 |
| 690 | @aH313.9@v3 | |
| 701 | 0 | @a河耀东@4著 |
| 801 | @aCN@bPftUser@c20040505 | |
| 905 | @f5@b46675-679@dH313.9@e94@b160457@f1@f1@b174090 | |
| 英文俚语与俗语/河耀东著.-华联出版社 |
| 112页;20cm |
| ISBN :CNY0.50 |
| ● |
| 相关链接 |
|
|
|
|
正题名:英文俚语与俗语
索取号:H313.9/94
 
预约/预借
| 序号 | 登录号 | 条形码 | 馆藏地/架位号 | 状态 | 备注 |
| 1 | 0046675 | 001384246 | 密集书库/ [索取号:H313.9/94] | 在馆 | |
| 2 | 0046676 | 001384326 | 密集书库/ [索取号:H313.9/94] | 在馆 | |
| 3 | 0046677 | 001384282 | 密集书库/ [索取号:H313.9/94] | 在馆 | |
| 4 | 0046678 | 001384184 | 密集书库/ [索取号:H313.9/94] | 在馆 | |
| 5 | 0046679 | 001384273 | 密集书库/ [索取号:H313.9/94] | 在馆 | |
| 6 | 0160457 | 001384228 | 第四借阅区/ [索取号:H313.9/94] | 在馆 | |
| 7 | 0160458 | 001384317 | 第二样本阅览室/ [索取号:H313.9/94] | 在馆 | |
| 8 | 0174090 | 001384264 | 密集书库/ [索取号:H313.9/94] | 在馆 |